Co Jeździ Na Stacji Kraków Główny | PKP | #6 - Statystyki

Ogólne statystyki
  • Ten quiz został rozwiązany 27 razy
  • Średni wynik to 17 z 64
Statystyki odpowiedzi
Rodzaj Nazwa % Poprawnych
EIC | Tatry
62%
IC | Przemyślanin
57%
IC | Porta Moravica
52%
IC | Sienkiewicz
52%
IC | Wawel
48%
IC | Chopin
43%
TLK | Karpaty
43%
IC | Wyspiański
43%
IC | Cracovia
38%
IC | Galicja
38%
IC | Hetman
38%
TLK | Kossak
38%
TLK | Małopolska
38%
IC | Matejko
38%
IC | Wyczółkowski
38%
IC | Zefir
38%
IC | Bieszczady
33%
IC | Hańcza
33%
TLK | Lubomirski
33%
IC | Malczewski
33%
EIC | Morskie Oko
33%
IC | Witkacy
33%
IC | Chełmoński
29%
TLK | Commenius
29%
IC | Kasztelan
29%
TLK | Krakowianka
29%
IC | Mehoffer
29%
TLK | Miechowita
29%
IC | Rozewie
29%
IC | Siemiradzki
29%
IC | Sukiennice
29%
IC | Szkuner
29%
IC | Wetlina
29%
IC | Cegielski
24%
IC | Fałat
24%
IC | Jagiełło
24%
IC | Kinga
24%
IC | Łukasiewicz
24%
TLK | Marszałek Piłsudski
24%
TLK | Osterwa
24%
IC | Ślązak
24%
IC | Smok Wawelski
24%
IC | Ustronie
24%
IC | Gierymski
19%
IC | Jadwiga
19%
IC | Kolberg
19%
IC | Kormoran
19%
IC | Morcinek
19%
IC | Odra
19%
IC | Orłowicz
19%
IC | Barbakan
14%
TLK | Bursztyn
14%
TLK | Korsarz
14%
IC | Pułaski
14%
TLK | Wolin
14%
IC | Wybicki
14%
IC | Żeromski
14%
IC | Beskidy
10%
IC | Kazimierz
10%
IC | Łokietek
10%
IC | Sztygar
10%
IC | Danibus
5%
TLK | Krasnolud
5%
IC | Obieżyświat
0%
Nie znaleziono quizów pasujących do podanych kryteriów
Rozkład punktacji
Procent ludzi z każdym wynikiem
Percentyl według liczby udzielonych odpowiedzi
Twoja historia wyników
Nie rozwiązałeś tego quizu